El abasto : panorama de la distribución alimenticia en México /

Obra que ofrece un recuento histórico de la alimentación y el abasto de alimentos en México y de las políticas que la han guiado. Da cuenta de las actividades de Diconsa, organismo del gobierno federal que tiene como objetivo garantizar el abasto de alimentos básicos y complementarios a la población...

Повний опис

Збережено в:
Бібліографічні деталі
Автор: González Manterola, Carlos (ed.)
Інші автори: Silva Cázares, Carlos (edición) (edición), González Manterola, José Ignacio (fotógrafo) (fotógrafo)
Формат: Книга
Мова:Іспанська
Опубліковано: México : Secretaría de Desarrollo Social, Diconsa : Espejo de Obsidiana, 2006, c2006
Предмети:
Теги: Додати тег
Немає тегів, Будьте першим, хто поставить тег для цього запису!

MARC

LEADER 00000nam^a2200000^a^4500
001 000326390
005 20250521000000.0
009 20260310113805.5
020 |a 970-9719-05-X 
037 |a Acervo ITESO - Biblioteca 
041 |a ESP 
082 |a 338. 1972  |b GON 
100 |a González Manterola, Carlos  |e (ed.) 
245 1 3 |a El abasto :  |b panorama de la distribución alimenticia en México /  |c Ed. de C. González Manterola, C. Silva Cázares ; presen. de Ana Teresa Aranda Orozco ; introd. de Ramón Zamanillo Pérez ; fotografía de J.I. González Manterola. 
264 4 |a México :  |b Secretaría de Desarrollo Social, Diconsa :  |b Espejo de Obsidiana,  |c 2006, c2006 
300 |a 211 p. 
336 |a texto  |b txt  |2 rdacontenido 
337 |a sin mediación  |b n  |2 rdamedio 
338 |a volumen  |b nc  |2 rdasoporte 
520 |a Obra que ofrece un recuento histórico de la alimentación y el abasto de alimentos en México y de las políticas que la han guiado. Da cuenta de las actividades de Diconsa, organismo del gobierno federal que tiene como objetivo garantizar el abasto de alimentos básicos y complementarios a la población rural de alta y muy alta marginación; también aborda los aspectos culturales vinculados con la alimentación en México y los cambios en ésta relacionados con el crecimiento urbano. Por último, incluye un apartado que habla sobre el uso de nuevas tecnologías para el cultivo y la producción de alimentos. 
649 |a XX 
650 |a Pobreza -  |z México -  |x Prevención y Atención -  |x Tema Principal 
650 |a Igualdad y Desigualdad -  |z México 
650 |a Canasta Básica -  |z México 
650 |a Cocina Mexicana -  |x Aspectos Sociales y Culturales 
650 |a Alimentos y Bebidas -  |z México 
650 |a Abasto de Alimentos -  |z México -  |x Tema Principal 
650 |a Programas Gubernamentales -  |z México 
650 |a Programas Sociales -  |z México 
650 |a Política Alimentaria -  |z México 
650 |a Política Social -  |z México 
650 |a Política Económica -  |z México 
650 |a Desarrollo Económico-Social -  |z México 
650 |a Economía -  |z México -  |x Historia 
700 |a Silva Cázares, Carlos  |e (edición) 
700 |a González Manterola, José Ignacio  |e (fotógrafo) 
910 |a Fondo General 
920 |a Impresos - Libros 
930 |a Reserva Especial 
905 |a 103 
901 |a 0500215079  |b IT1  |c REE  |i C134415  |u 20250521 
902 |a https://opac.biblio.iteso.mx/vufind/Record/000326390